000 01072nam a2200265 i 4500
001 51570
003 ES-MaACL
005 20250625164532.0
007 t|
008 030813s1958 sp ||||1| spa d
100 1 _aDalsace, Jean.
_942536
245 1 0 _aGinecología radiológica /
_cJean Dalsace y J. García Calderón ; con una aportación sobre la radiografía de la mama por Charles M. Gros y Raymond Sigrist ; prefacio de Paul Funck-Brentano ; [traducción del francés por Santiago Lorén ; revisado por Domingo Busquets].
250 _a[1ª ed.].
260 _aBarcelona :
_bLuis Miracle,
_c1958 (
_fBachs)
300 _a198 p., 54 lám. :
_bil. ;
_c25 cm.
650 4 _aMujeres-
_xDiagnóstico de las enfermedades.
_9166018
700 1 _aGarcia-Caldéron, Jean.
_954316
700 1 _aGros, Charles-M.
_960151
700 1 _aSigrist, Raymond.
_9106312
700 1 _aFunck-Brentano, Paul.
_953023
700 1 _aBusquets, Domingo.
_932837
700 1 _aLorén, Santiago,
_d1918-2010
_974093
852 _aES-MaACL
_jC-14322
_bR.42217
999 _c51570
_d51570